|
|
|
|
| LEADER |
00000nam a2200000 4500 |
| 001 |
000056413 |
| 005 |
20130201165200.0 |
| 008 |
031120s1991 mx a b 001 0 spa d |
| 020 |
|
|
|a 9681636570
|
| 041 |
1 |
|
|a spa
|h eng
|
| 050 |
|
4 |
|a F1412
|b B7.38
|
| 090 |
|
|
|a F1412
|b B7.38
|
| 100 |
1 |
|
|a Brading, David A
|
| 245 |
1 |
0 |
|a Orbe indiano :
|b de la monarquía católica a la República criolla, 1492-1867 /
|c David Brading ; traducción de Juan José Utrilla.
|
| 260 |
|
|
|a México, D.F. :
|b Fondo de Cultura Económica,
|c 1991.
|
| 300 |
|
|
|a 770 p. :
|b il. ;
|c 24 cm.
|
| 440 |
|
0 |
|a Sección de Obras de Historia
|
| 500 |
|
|
|a Existe un ejemplar de este título en el Centro Juan Ruiz de Alarcón.
|
| 504 |
|
|
|a Incluye referencias bibliográficas: (p. 729-748) e índice.
|
| 534 |
|
|
|a Traducción de: The first America : the spanish monarchy, creole patriots and the liberal state, 1492-1867
|
| 538 |
|
|
|a JUANRUIZ
|
| 651 |
|
4 |
|a América Latina
|x Historia
|y Hasta 1830
|
| 651 |
|
4 |
|a América Latina
|x Historia
|y 1830-1898
|
| 650 |
|
4 |
|a Criollos
|z América Latina
|x Vida intelectual
|
| 650 |
|
4 |
|a Iglesia y Estado
|z América Latina
|x Historia
|
| 650 |
|
4 |
|a Nacionalismo
|z América Latina
|x Historia
|
| 700 |
1 |
|
|a Utrilla, Juan José,
|e tr
|
| 905 |
|
|
|a LIBROS
|
| 905 |
|
|
|a JUANRUIZ
|
| 938 |
|
|
|a Comunidad
|c CSH
|
| 949 |
|
|
|a Biblioteca UAM Iztapalapa
|b Colección General
|c F1412 B7.38
|
| 949 |
|
|
|a Biblioteca UAM Iztapalapa
|b Centro de Documentación Juan Ruiz de Alarcón y el teatro de su tiempo
|c JRA F1412 B7.38
|